| 000 | 02126cam a22004574i 4500 | ||
|---|---|---|---|
| 003 | PE-LiUPU | ||
| 005 | 20250731183347.0 | ||
| 008 | 080316s2007 sp 000 0 baq d | ||
| 020 | _a8479075791 | ||
| 020 | _a9788479075798 | ||
| 035 | _a(Sirsi) i9788479075798 | ||
| 040 |
_aGBVCP _bspa _erakwb _cGBVCP _dPE-LiUPU |
||
| 041 | 0 |
_abaq _aeng _aspa |
|
| 049 | _aPRUA | ||
| 082 | 0 | 4 |
_a747 _bE7 _220 |
| 245 | 0 | 0 |
_aEraiki, bete, hustu : _bespazioaren erabilerak ; [Adrian Tyler, Edward Burtynsky, Joel Meyerowitz ; erakusketa 2007ko azaroak 29 - 2008ko otsailak 9, Koldo Mitxelena Kulturunea] = Construir, habitar, desocupar = Constructing, dwelling, clearing / _c[textos Ramon Esparza]. |
| 246 | 3 | _aConstructing, dwelling, clearing | |
| 246 | 3 | _aConstruir, habitar, desocupar | |
| 264 | 3 |
_aSan Sebastián : _bKoldo Mitxelena Kulturunea, _c2007. |
|
| 300 |
_a122 páginas : _bzahlr. Ill ; _c28 centímetros. |
||
| 336 |
_text _2rdacontent |
||
| 337 |
_unmediated _2rdamedia |
||
| 338 |
_volume _2rdacarrier |
||
| 500 | _aThe work of the photographers Adrian Tyler (1963-), Edward Burtynsky (1955-) and Joel Meyerowitz (1938-) | ||
| 505 | 2 | _aEraiki, bete, hustu -- Construir, habitar, desocupar -- Constructing, dwelling, clearing -- Eraiki, construir, constructing -- Bete, habitar, dwelling -- Hustu, desocupar, clearing. | |
| 526 | _aP158 | ||
| 526 | _aP146 | ||
| 526 | _aP17 | ||
| 526 | _aP12 | ||
| 526 | _aP06 | ||
| 541 | _g003-001197; | ||
| 700 | 1 |
_aBurtynsky, Edward _0(DE-601)366750941 _0(DE-588)124822282 |
|
| 700 | 1 | _aEsparza, Ramon | |
| 700 | 1 |
_aMeyerowitz, Joel _0(DE-601)080111238 _0(DE-588)119304465 |
|
| 700 | 1 | _aTyler, Adrian | |
| 942 |
_2ddc _cBOOK |
||
| 949 |
_a747 E7 _wDEWEY _c1 _i73934 _lCCODEBUL1 _mBUL _p18.95 _r0 _sY _tBOOK _u2016-6-22 _xINGENIERIA _PP06 _0COMPRA _o.STAFF. Colección General |
||
| 994 |
_aC0 _bPEPRU |
||
| 596 | _a1 | ||
| 999 |
_a747 E7 _wDEWEY _c10168 _i73934 _f2021-11-10 _g6 _lCCODEBUL1 _mBUL _p18.95 _r0 _sY _tBOOK _u2016-6-22 _xINGENIERIA _PP06 _0COMPRA _o.STAFF. Colección General _d10168 |
||
| 980 |
_81 _gALBERTO SANCHEZ Responsable de Automatización |
||